000 00578nas a2200217 4500
001 BR9506839
003 BR-BrBNA
005 20231205094226.0
007 ta
008 230509b bl.|||p| |||| 00| 00por d
040 _aBR-BrBNA
_bpor
_cBiblioteca Nacional de Agricultura
041 _a(Pt)
072 _aH10
100 1 _aDuarte, F.E.
245 1 _aInsetos helometabolicos
650 _aInseto
650 _aAnatomia
773 0 _tAgronomia (Brazil)
_x
_g(Oct-Dec 1950), v. 9(4) p. 351-357
_wBR9506839
909 _a202311
_bLúcia
_c55
_dLúcia Elande
942 _2AGRIS
_n0
_cANA
999 _c142921
_d142921